[Event "Rosenbloom mem."]
[Site "Winnipeg CAN"]
[Date "2017.11.21"]
[Round "3"]
[White "Remillard, John"]
[Black "Piche, Zachary"]
[Result "1/2-1/2"]
[WhiteElo "1619"]
[BlackElo "1344"]
[WhiteFideId "-1"]
[WhiteFideId "-1"]
[PlyCount "121"]
[GameId "2160767908309124"]
[EventDate "2017.11.07"]
[EventType "swiss"]
[EventRounds "7"]
[EventCountry "CAN"]
[SourceTitle "EXT 2022"]
[Source "ChessBase"]
[SourceDate "2021.10.06"]
[SourceVersion "1"]
[SourceVersionDate "2021.10.06"]
[SourceQuality "1"]

1. Nf3 Nf6 2. c4 c5 3. Nc3 Nc6 4. e3 g6 5. d4 cxd4 6. Nxd4 Bg7 7. Nxc6 bxc6 8. Be2 O-O 9. O-O d6 10. Qc2 Bf5 11. Bd3 Bxd3 12. Qxd3 d5 13. Rd1 e6 14. cxd5 cxd5 15. b3 Ne4 16. Bb2 Qa5 17. Na4 Nc5 18. Qe2 Nxa4 19. Bxg7 Kxg7 20. bxa4 Qxa4 21. Rd4 Qd7 22. e4 Qc6 23. exd5 exd5 24. Qe5+ Kg8 25. Rxd5 Rac8 26. Rad1 Rfe8 27. Qd4 Qe6 28. h3 Qe4 29. Qxa7 Ra8 30. Qc7 Rxa2 31. Rd7 Qf5 32. f3 Qg5 33. Qh2 Qe3+ 34. Kh1 Re2 35. Qg1 Qg5 36. R7d5 Qg3 37. Rd8 Rxd8 38. Rxd8+ Kg7 39. Rd1 h5 40. Qd4+ Kh7 41. Rg1 Qg5 42. Qc4 Re7 43. g4 Qh4 44. Kh2 Qf2+ 45. Rg2 Qxf3 46. gxh5 Qxh5 47. Rf2 Kg7 48. Qf4 Qe5 49. Kg3 Qe3+ 50. Qxe3 Rxe3+ 51. Kg4 f5+ 52. Kh4 Kf6 53. Rg2 Re4+ 54. Kg3 g5 55. Kf3 Kg6 56. Rd2 g4+ 57. hxg4 Rxg4 58. Rd8 Kg5 59. Rg8+ Kh5 60. Rf8 Kg5 61. Rg8+ 1/2-1/2

[Event "Rosenbloom mem."]
[Site "Winnipeg CAN"]
[Date "2017.11.21"]
[Round "3"]
[White "Wiebe, Isaac"]
[Black "Boron, Anthony"]
[Result "1-0"]
[WhiteElo "2261"]
[BlackElo "2074"]
[WhiteFideId "-1"]
[WhiteFideId "-1"]
[PlyCount "163"]
[GameId "2160767908309125"]
[EventDate "2017.11.07"]
[EventType "swiss"]
[EventRounds "7"]
[EventCountry "CAN"]
[SourceTitle "EXT 2022"]
[Source "ChessBase"]
[SourceDate "2021.10.06"]
[SourceVersion "1"]
[SourceVersionDate "2021.10.06"]
[SourceQuality "1"]

1. e4 e6 2. d4 d5 3. Nc3 dxe4 4. Nxe4 Bd7 5. Nf3 Bc6 6. Neg5 Bd6 7. Nxf7 Kxf7 8. Ng5+ Ke8 9. Nxe6 Qe7 10. Bc4 Nf6 11. O-O b5 12. Bb3 Kd7 13. Re1 Kc8 14. Nc5 Qd8 15. Be6+ Bd7 16. Qf3 Bxc5 17. dxc5 c6 18. Bg5 Bxe6 19. Rxe6 Qd5 20. Qh3 Nfd7 21. Bf4 Qxc5 22. Rd1 Rf8 23. Bg3 Qf5 24. Re8+ Kb7 25. Qxf5 Rxf5 26. Re7 Kb6 27. Rxg7 Nf6 28. Rd8 Rd5 29. Rxd5 cxd5 30. Be5 Nbd7 31. Bd4+ Ka6 32. Rf7 Re8 33. g4 Re4 34. Bxf6 Rxg4+ 35. Kf1 Nxf6 36. Rxf6+ Ka5 37. Rh6 Rg7 38. Rd6 Rg5 39. Rh6 Rg7 40. Rd6 Rg5 41. Rd7 Rh5 42. Rxa7+ Kb6 43. Rd7 Kc6 44. Rd8 Rxh2 45. Rh8 b4 46. Ke2 Rh3 47. Rb8 Rh4 48. a4 bxa3 49. bxa3 Ra4 50. Rb3 Rc4 51. Kd2 Rf4 52. f3 h5 53. Ke2 Rh4 54. Rb4 Rh2+ 55. Kd3 Rf2 56. Rf4 h4 57. Rxh4 Rxf3+ 58. Kd4 Rxa3 59. Rh6+ Kd7 60. Kxd5 Rc3 61. Rh7+ Ke8 62. Rh2 Kd7 63. Kd4 Rg3 64. Kc5 Rg5+ 65. Kb6 Rg6+ 66. Kb7 Kd6 67. Kb6 Kd5+ 68. Kb5 Kd4 69. c4 Rg5+ 70. Kb4 Rg1 71. Rd2+ Ke5 72. Kc5 Rb1 73. Re2+ Kf6 74. Kc6 Rd1 75. c5 Kf7 76. Kc7 Rd5 77. c6 Rd1 78. Kc8 Rh1 79. c7 Rd1 80. Re5 Rd2 81. Kb7 Rb2+ 82. Kc6 1-0

[Event "Rosenbloom mem."]
[Site "Winnipeg CAN"]
[Date "2017.11.21"]
[Round "3"]
[White "Wolchock, Theo"]
[Black "Swift, Ryne"]
[Result "0-1"]
[WhiteElo "2034"]
[BlackElo "2092"]
[WhiteFideId "-1"]
[WhiteFideId "-1"]
[PlyCount "74"]
[GameId "2160767908309126"]
[EventDate "2017.11.07"]
[EventType "swiss"]
[EventRounds "7"]
[EventCountry "CAN"]
[SourceTitle "EXT 2022"]
[Source "ChessBase"]
[SourceDate "2021.10.06"]
[SourceVersion "1"]
[SourceVersionDate "2021.10.06"]
[SourceQuality "1"]

1. e4 e5 2. Nc3 Nc6 3. Bc4 Nf6 4. d3 Be7 5. f4 d6 6. Nf3 Bg4 7. Be3 O-O 8. f5 Na5 9. h3 Bxf3 10. Qxf3 Nxc4 11. dxc4 Nd7 12. O-O-O Bg5 13. h4 Bxe3+ 14. Qxe3 Nf6 15. c5 Qe7 16. cxd6 cxd6 17. Qf3 b5 18. g4 b4 19. Ne2 Nd7 20. Qd3 Nc5 21. Qd5 Rac8 22. g5 Kh8 23. Ng3 Rfd8 24. f6 gxf6 25. Nf5 Qb7 26. Nxd6 Qxd5 27. Rxd5 Rxd6 28. Rxd6 b3 29. axb3 Nxe4 30. Rd7 fxg5 31. Rxf7 g4 32. Re7 g3 33. Rxe5 Nf2 34. Rd1 Nxd1 35. Kxd1 g2 36. Re1 Rd8+ 37. Kc1 Rf8 0-1

[Event "Rosenbloom mem."]
[Site "Winnipeg CAN"]
[Date "2017.11.28"]
[Round "4"]
[White "Baron, Gustav"]
[Black "Kernetsky, Myron"]
[Result "1-0"]
[WhiteElo "2143"]
[BlackElo "2085"]
[WhiteFideId "-1"]
[WhiteFideId "-1"]
[PlyCount "63"]
[GameId "2160767908309127"]
[EventDate "2017.11.07"]
[EventType "swiss"]
[EventRounds "7"]
[EventCountry "CAN"]
[SourceTitle "EXT 2022"]
[Source "ChessBase"]
[SourceDate "2021.10.06"]
[SourceVersion "1"]
[SourceVersionDate "2021.10.06"]
[SourceQuality "1"]

1. e4 e6 2. Qe2 c5 3. Nf3 Nc6 4. g3 d6 5. Bg2 g6 6. O-O Bg7 7. c3 Nge7 8. d3 O-O 9. Nbd2 Rb8 10. a4 a6 11. Re1 b5 12. axb5 axb5 13. Nf1 b4 14. Bd2 Qb6 15. h4 Ba6 16. Ne3 Ra8 17. Ng5 Bb5 18. f4 Rfe8 19. h5 bxc3 20. bxc3 Rxa1 21. Rxa1 Rb8 22. Bh3 Nd8 23. Rb1 Qc7 24. hxg6 hxg6 25. Bf1 Bd7 26. Rxb8 Qxb8 27. Qh2 Qb2 28. Nc4 Qa2 29. Nxd6 Ba4 30. Be1 Qa1 31. Qd2 Ndc6 32. Ndxf7 1-0

[Event "Rosenbloom mem."]
[Site "Winnipeg CAN"]
[Date "2017.11.28"]
[Round "4"]
[White "Bince, Rolando"]
[Black "Lysak, Andriy"]
[Result "1-0"]
[WhiteElo "1992"]
[BlackElo "1668"]
[WhiteFideId "-1"]
[WhiteFideId "-1"]
[PlyCount "89"]
[GameId "2160767908309128"]
[EventDate "2017.11.07"]
[EventType "swiss"]
[EventRounds "7"]
[EventCountry "CAN"]
[SourceTitle "EXT 2022"]
[Source "ChessBase"]
[SourceDate "2021.10.06"]
[SourceVersion "1"]
[SourceVersionDate "2021.10.06"]
[SourceQuality "1"]

1. b3 e5 2. Bb2 Nc6 3. Nf3 Bc5 4. e3 d6 5. d4 exd4 6. exd4 Qe7+ 7. Be2 Bb6 8. O-O Nf6 9. Bb5 O-O 10. Re1 Be6 11. Bxc6 bxc6 12. c4 Rfe8 13. Bc3 Qd7 14. Nbd2 Bg4 15. Qc2 Bf5 16. Qb2 Ne4 17. Nxe4 Bxe4 18. Re3 c5 19. d5 Qg4 20. Rae1 c6 21. h3 Qg6 22. Nh4 Qh5 23. Rxe4 Rxe4 24. Rxe4 f5 25. Qe2 Qxe2 26. Rxe2 cxd5 27. Nxf5 d4 28. Bd2 g6 29. Nxd6 Rd8 30. Re8+ Rxe8 31. Nxe8 Kf7 32. Nd6+ Ke6 33. Ne4 Kf5 34. f3 h5 35. g3 a6 36. Kf2 h4 37. g4+ Ke5 38. Ke2 Bd8 39. Kd3 Be7 40. f4+ Ke6 41. Be1 Kd7 42. Ng5 Bd6 43. Bd2 a5 44. Ke4 Kc6 45. Nf3 1-0

[Event "Rosenbloom mem."]
[Site "Winnipeg CAN"]
[Date "2017.11.28"]
[Round "4"]
[White "Einarsson, Ken"]
[Black "Leaden, Bruce"]
[Result "1-0"]
[WhiteElo "1786"]
[BlackElo "1539"]
[WhiteFideId "-1"]
[WhiteFideId "-1"]
[PlyCount "113"]
[GameId "2160767908309129"]
[EventDate "2017.11.07"]
[EventType "swiss"]
[EventRounds "7"]
[EventCountry "CAN"]
[SourceTitle "EXT 2022"]
[Source "ChessBase"]
[SourceDate "2021.10.06"]
[SourceVersion "1"]
[SourceVersionDate "2021.10.06"]
[SourceQuality "1"]

1. d4 e6 2. c4 f5 3. Nc3 Nf6 4. Nf3 Bb4 5. Bd2 O-O 6. e3 d6 7. a3 Bxc3 8. Bxc3 a5 9. Bd3 Ne4 10. Qc2 Nxc3 11. Qxc3 b6 12. O-O Bb7 13. Be2 Nd7 14. b4 Nf6 15. Nd2 Ne4 16. Nxe4 Bxe4 17. c5 f4 18. f3 Bg6 19. e4 axb4 20. axb4 Rxa1 21. Rxa1 bxc5 22. bxc5 Kh8 23. Ra7 d5 24. exd5 exd5 25. Qa5 Re8 26. Bb5 Qe7 27. Qd2 Rb8 28. Qe2 Qxe2 29. Bxe2 c6 30. Rc7 Be8 31. g3 fxg3 32. hxg3 Kg8 33. Kf2 Rb3 34. g4 h6 35. Re7 Kf8 36. Re3 Rb2 37. Kg3 Rd2 38. Bd3 Bd7 39. Kf4 g5+ 40. Ke5 Ke7 41. Bf5 Be8 42. Bc8 Bg6 43. Bb7 Be8 44. Kf5+ Kf7 45. Ke5 Ke7 46. Ba6 Bd7 47. Bd3 Be8 48. Bf5 Bf7 49. f4 Rf2 50. fxg5 hxg5 51. Bc8 Be8 52. Rh3 Bg6 53. Re3 Rf4 54. Bf5 Be8 55. Rh3 Rf2 56. Rh7+ Bf7 57. Bg6 1-0

[Event "Rosenbloom mem."]
[Site "Winnipeg CAN"]
[Date "2017.11.28"]
[Round "4"]
[White "Green, Jim"]
[Black "Czypinski, Jaroslaw"]
[Result "1-0"]
[WhiteElo "1871"]
[BlackElo "1933"]
[WhiteFideId "-1"]
[WhiteFideId "-1"]
[PlyCount "105"]
[GameId "2160767908309130"]
[EventDate "2017.11.07"]
[EventType "swiss"]
[EventRounds "7"]
[EventCountry "CAN"]
[SourceTitle "EXT 2022"]
[Source "ChessBase"]
[SourceDate "2021.10.06"]
[SourceVersion "1"]
[SourceVersionDate "2021.10.06"]
[SourceQuality "1"]

1. e4 d5 2. exd5 Qxd5 3. Nf3 Bg4 4. Be2 Bxf3 5. Bxf3 Qe5+ 6. Qe2 Qxe2+ 7. Kxe2 c6 8. d4 Nf6 9. c4 e6 10. Nc3 Nbd7 11. Bf4 Nb6 12. b3 g6 13. Rad1 Bg7 14. Rd3 O-O 15. Rhd1 Rfe8 16. Kf1 Rad8 17. a4 Nbd7 18. a5 Nh5 19. Bc7 Rc8 20. Bd6 Bf8 21. Bxf8 Kxf8 22. Ne4 Red8 23. Bxh5 gxh5 24. Rh3 Ke7 25. Rxh5 Rh8 26. f4 Nf6 27. Nxf6 Kxf6 28. Kf2 Rc7 29. Rd3 Rd7 30. g4 h6 31. d5 cxd5 32. cxd5 exd5 33. Rhxd5 Rxd5 34. Rxd5 Rc8 35. Rb5 Rc7 36. Kg3 Kg6 37. f5+ Kg7 38. Kh4 f6 39. b4 Rd7 40. Rc5 Re7 41. b5 Rd7 42. b6 axb6 43. axb6 Rd2 44. h3 Rd3 45. Rc7+ Kg8 46. Rxb7 Rb3 47. Kh5 Rxh3+ 48. Kg6 Kf8 49. Kxf6 Kg8 50. Kg6 Kf8 51. f6 Ke8 52. f7+ Kf8 53. Rb8+ 1-0

[Event "Rosenbloom mem."]
[Site "Winnipeg CAN"]
[Date "2017.11.28"]
[Round "4"]
[White "Letain, Cory"]
[Black "Wirtzfeld, Ryan"]
[Result "0-1"]
[WhiteElo "1686"]
[BlackElo "1334"]
[WhiteFideId "-1"]
[WhiteFideId "-1"]
[PlyCount "68"]
[GameId "2160767908309131"]
[EventDate "2017.11.07"]
[EventType "swiss"]
[EventRounds "7"]
[EventCountry "CAN"]
[SourceTitle "EXT 2022"]
[Source "ChessBase"]
[SourceDate "2021.10.06"]
[SourceVersion "1"]
[SourceVersionDate "2021.10.06"]
[SourceQuality "1"]

1. e4 c5 2. c3 Nc6 3. Nf3 d6 4. d4 b6 5. Bb5 Bd7 6. Qa4 Qc7 7. d5 Ne5 8. Nxe5 dxe5 9. Bxd7+ Qxd7 10. Qxd7+ Kxd7 11. c4 e6 12. Nc3 Be7 13. O-O exd5 14. Nxd5 Nf6 15. Bg5 Nxd5 16. cxd5 Bxg5 17. g3 g6 18. f4 exf4 19. gxf4 Bh4 20. e5 Rad8 21. d6 Rhf8 22. Rf3 f6 23. Rh3 g5 24. fxg5 fxg5 25. Rd1 Rf5 26. Ra3 a5 27. Rd5 Kc6 28. Rad3 Bf2+ 29. Kg2 Bd4 30. R5xd4 cxd4 31. e6 Rxd6 32. e7 Re5 33. Rg3 Rxe7 34. Rxg5 Rg6 0-1

[Event "Rosenbloom mem."]
[Site "Winnipeg CAN"]
[Date "2017.11.28"]
[Round "4"]
[White "Piche, Zachary"]
[Black "Magyar, Peter"]
[Result "0-1"]
[WhiteElo "1344"]
[BlackElo "1506"]
[WhiteFideId "-1"]
[WhiteFideId "-1"]
[PlyCount "52"]
[GameId "2160767908309132"]
[EventDate "2017.11.07"]
[EventType "swiss"]
[EventRounds "7"]
[EventCountry "CAN"]
[SourceTitle "EXT 2022"]
[Source "ChessBase"]
[SourceDate "2021.10.06"]
[SourceVersion "1"]
[SourceVersionDate "2021.10.06"]
[SourceQuality "1"]

1. Nf3 d5 2. c4 Nf6 3. Nc3 e6 4. d4 c5 5. cxd5 Nxd5 6. e4 Nxc3 7. bxc3 cxd4 8. cxd4 Be7 9. Bf4 Nc6 10. Bb5 Qa5+ 11. Qd2 Bb4 12. Bxc6+ bxc6 13. O-O Bxd2 14. Bxd2 Qc7 15. Bb4 f6 16. Rac1 Bb7 17. d5 exd5 18. exd5 Qd7 19. Rfe1+ Kd8 20. dxc6 Qf7 21. Rcd1+ Kc7 22. cxb7 Rae8 23. Rxe8 Rxe8 24. b8=Q+ Kxb8 25. Nd4 Qxa2 26. Bd6+ Kb7 0-1

[Event "Rosenbloom mem."]
[Site "Winnipeg CAN"]
[Date "2017.11.28"]
[Round "4"]
[White "Reimer, Bruce"]
[Black "Abusaleh, Yazan"]
[Result "1-0"]
[WhiteElo "1607"]
[BlackElo "1274"]
[WhiteFideId "-1"]
[WhiteFideId "-1"]
[PlyCount "103"]
[GameId "2160767908309133"]
[EventDate "2017.11.07"]
[EventType "swiss"]
[EventRounds "7"]
[EventCountry "CAN"]
[SourceTitle "EXT 2022"]
[Source "ChessBase"]
[SourceDate "2021.10.06"]
[SourceVersion "1"]
[SourceVersionDate "2021.10.06"]
[SourceQuality "1"]

1. c4 c5 2. g3 g6 3. Bg2 Bg7 4. Nc3 Nc6 5. e4 Nf6 6. Nge2 e5 7. O-O O-O 8. d3 Nd4 9. a3 d6 10. h3 a6 11. Nxd4 cxd4 12. Ne2 Bd7 13. b4 Qc8 14. Kh2 h5 15. a4 Kh7 16. Ba3 Re8 17. Rc1 Bh6 18. f4 exf4 19. Nxf4 Kh8 20. Ra1 Nh7 21. Nxh5 Ng5 22. Nf4 b5 23. Bb2 Bg7 24. Nd5 Rb8 25. Rf4 Kg8 26. Qf1 bxc4 27. dxc4 a5 28. b5 Be5 29. Rh4 Kg7 30. Qc1 Qb7 31. Qxg5 Rh8 32. Rxh8 Rxh8 33. Rf1 Qc8 34. Qe7 Be6 35. Nc7 Bxc4 36. Rc1 Bb3 37. Nd5 Qa8 38. Nc7 Qa7 39. Ne6+ Bxe6 40. Qxa7 Bb3 41. Bxd4 Bxd4 42. Qxd4+ f6 43. Rc7+ Kh6 44. Qe3+ g5 45. Qxb3 Kh5 46. Bf3+ g4 47. Bxg4+ Kg5 48. Qe3+ Kg6 49. Bf5+ Kh5 50. Qf3+ Kh6 51. Qf4+ Kh5 52. Qh4# 1-0

[Event "Rosenbloom mem."]
[Site "Winnipeg CAN"]
[Date "2017.11.28"]
[Round "4"]
[White "Rutter, Blair"]
[Black "Wolchock, Theo"]
[Result "1/2-1/2"]
[WhiteElo "2015"]
[BlackElo "2034"]
[WhiteFideId "-1"]
[WhiteFideId "-1"]
[PlyCount "65"]
[GameId "2160767908309134"]
[EventDate "2017.11.07"]
[EventType "swiss"]
[EventRounds "7"]
[EventCountry "CAN"]
[SourceTitle "EXT 2022"]
[Source "ChessBase"]
[SourceDate "2021.10.06"]
[SourceVersion "1"]
[SourceVersionDate "2021.10.06"]
[SourceQuality "1"]

1. e4 c5 2. Nc3 Nc6 3. d3 g6 4. f4 Bg7 5. Nf3 d6 6. Be2 e6 7. Be3 Nge7 8. O-O O-O 9. Qe1 Nd4 10. Rc1 f5 11. e5 Nxf3+ 12. Bxf3 dxe5 13. fxe5 Bxe5 14. Kh1 Bd4 15. Bg5 Qd7 16. Qh4 Nc6 17. Rce1 Ne5 18. Bd1 Nf7 19. Bc1 b6 20. Ne2 Bg7 21. Qc4 Re8 22. Nf4 e5 23. Nh3 Bb7 24. Bf3 Bxf3 25. Rxf3 Qe6 26. Qa6 Qd5 27. c3 Re7 28. Rf2 Rae8 29. Rfe2 e4 30. Nf2 Nd6 31. Bg5 Rd7 32. Bf4 Rde7 33. Bxd6 1/2-1/2

[Event "Rosenbloom mem."]
[Site "Winnipeg CAN"]
[Date "2017.11.28"]
[Round "4"]
[White "Swift, Ryne"]
[Black "Wiebe, Isaac"]
[Result "1-0"]
[WhiteElo "2092"]
[BlackElo "2261"]
[WhiteFideId "-1"]
[WhiteFideId "-1"]
[PlyCount "111"]
[GameId "2160767908309135"]
[EventDate "2017.11.07"]
[EventType "swiss"]
[EventRounds "7"]
[EventCountry "CAN"]
[SourceTitle "EXT 2022"]
[Source "ChessBase"]
[SourceDate "2021.10.06"]
[SourceVersion "1"]
[SourceVersionDate "2021.10.06"]
[SourceQuality "1"]

1. b3 d5 2. Bb2 Bg4 3. Nf3 Bxf3 4. exf3 e6 5. f4 Nf6 6. Qe2 Nbd7 7. f5 Qe7 8. fxe6 fxe6 9. f4 O-O-O 10. g3 Qf7 11. d3 Bd6 12. Nd2 e5 13. fxe5 Bxe5 14. Bxe5 Nxe5 15. O-O-O Rhe8 16. Qf2 Kb8 17. h3 Qe7 18. d4 Qa3+ 19. Kb1 Nc6 20. c3 Qe7 21. Bd3 Qe3 22. Qxe3 Rxe3 23. Nf1 Re7 24. Rh2 Rde8 25. Kc2 Kc8 26. Rf2 Kd7 27. Nd2 Re3 28. Nf1 R3e7 29. Nd2 Kd6 30. Rdf1 a6 31. Kd1 b5 32. a3 Rb8 33. Re2 a5 34. Rxe7 Nxe7 35. b4 a4 36. Nf3 c6 37. Ng5 h6 38. Nf7+ Ke6 39. Ne5 Rf8 40. Ke2 Re8 41. Rf3 Rf8 42. Re3 Kd6 43. Rf3 Nc8 44. Kf2 Nb6 45. Ng4 Nxg4+ 46. hxg4 Rxf3+ 47. Kxf3 g5 48. Ke2 Ke7 49. Kd2 Nc8 50. Ke3 Nd6 51. Ke2 Kf6 52. Kf2 Ne8 53. Ke2 Ng7 54. Kf2 h5 55. gxh5 Nxh5 56. g4 1-0

[Event "Rosenbloom mem."]
[Site "Winnipeg CAN"]
[Date "2017.11.28"]
[Round "4"]
[White "Trueman, Francis"]
[Black "Gannon, Keith"]
[Result "0-1"]
[WhiteElo "1498"]
[BlackElo "1462"]
[WhiteFideId "-1"]
[WhiteFideId "-1"]
[PlyCount "108"]
[GameId "2160767908309136"]
[EventDate "2017.11.07"]
[EventType "swiss"]
[EventRounds "7"]
[EventCountry "CAN"]
[SourceTitle "EXT 2022"]
[Source "ChessBase"]
[SourceDate "2021.10.06"]
[SourceVersion "1"]
[SourceVersionDate "2021.10.06"]
[SourceQuality "1"]

1. e4 e5 2. d3 Nf6 3. Nf3 Nc6 4. Nbd2 d6 5. g3 Be7 6. Bg2 O-O 7. O-O Bd7 8. Re1 Re8 9. c3 a6 10. a4 b5 11. axb5 axb5 12. Rb1 Be6 13. b4 Ra7 14. Nb3 Qa8 15. Bd2 Bxb3 16. Rxb3 Ra3 17. Rxa3 Qxa3 18. Qc2 Ra8 19. Bc1 Qa4 20. Qb2 Nd7 21. Bd2 h6 22. Be3 Bf6 23. Bh3 Nf8 24. Bc8 Qa2 25. Qxa2 Rxa2 26. Bb7 Ne7 27. c4 bxc4 28. dxc4 Ne6 29. b5 Ng5 30. Nxg5 Bxg5 31. Bxg5 hxg5 32. Rc1 Ra7 33. Bd5 Nxd5 34. cxd5 f6 35. Kg2 Kf7 36. Kf3 g6 37. g4 Ke7 38. Rb1 Kd7 39. b6 cxb6 40. Rxb6 Kc7 41. Rb3 Ra4 42. Rc3+ Kd7 43. Rb3 f5 44. Re3 Ke7 45. h3 Kf6 46. gxf5 gxf5 47. Re2 Rd4 48. Re3 fxe4+ 49. Rxe4 Rxd5 50. Ke3 Kf5 51. Rb4 Rd1 52. Kf3 d5 53. Rg4 e4+ 54. Ke3 Rd3+ 0-1

[Event "Rosenbloom mem."]
[Site "Winnipeg CAN"]
[Date "2017.11.28"]
[Round "4"]
[White "Viznytsya, Yevhen"]
[Black "Patel, Aalekh"]
[Result "0-1"]
[WhiteElo "1613"]
[BlackElo "1583"]
[WhiteFideId "-1"]
[WhiteFideId "-1"]
[PlyCount "78"]
[GameId "2160767908309137"]
[EventDate "2017.11.07"]
[EventType "swiss"]
[EventRounds "7"]
[EventCountry "CAN"]
[SourceTitle "EXT 2022"]
[Source "ChessBase"]
[SourceDate "2021.10.06"]
[SourceVersion "1"]
[SourceVersionDate "2021.10.06"]
[SourceQuality "1"]

1. d4 Nf6 2. Nf3 e6 3. e3 d5 4. c4 Bb4+ 5. Nc3 O-O 6. Be2 Ne4 7. Bd2 Nxd2 8. Qxd2 Nd7 9. a3 Bxc3 10. bxc3 b6 11. O-O Bb7 12. cxd5 Bxd5 13. Qc2 f5 14. Rfd1 Qf6 15. c4 Be4 16. Qc1 c5 17. Ne5 Nxe5 18. dxe5 Qxe5 19. Rd2 Rad8 20. Raa2 Rxd2 21. Rxd2 f4 22. exf4 Qxf4 23. f3 Qe3+ 24. Kf1 Qf4 25. Kg1 Qe3+ 26. Kf1 g5 27. Qb2 g4 28. Rd7 Qg5 29. Bd3 gxf3 30. Bxe4 fxg2+ 31. Ke2 Qg4+ 32. Kd3 Rf3+ 33. Bxf3 Qxf3+ 34. Kc2 Qe2+ 35. Kb3 Qxb2+ 36. Kxb2 g1=Q 37. Rxa7 Qd4+ 38. Kb3 Qd3+ 39. Kb2 Qxc4 0-1

[Event "Rosenbloom mem."]
[Site "Winnipeg CAN"]
[Date "2017.12.05"]
[Round "5"]
[White "Czypinski, Jaroslaw"]
[Black "Einarsson, Ken"]
[Result "1-0"]
[WhiteElo "1933"]
[BlackElo "1786"]
[WhiteFideId "-1"]
[WhiteFideId "-1"]
[PlyCount "69"]
[GameId "2160767908309138"]
[EventDate "2017.11.07"]
[EventType "swiss"]
[EventRounds "7"]
[EventCountry "CAN"]
[SourceTitle "EXT 2022"]
[Source "ChessBase"]
[SourceDate "2021.10.06"]
[SourceVersion "1"]
[SourceVersionDate "2021.10.06"]
[SourceQuality "1"]

1. e4 c6 2. d4 d5 3. exd5 cxd5 4. Bd3 Nc6 5. c3 Nf6 6. h3 e6 7. Bf4 Bd6 8. Bxd6 Qxd6 9. Nf3 O-O 10. O-O e5 11. dxe5 Nxe5 12. Nxe5 Qxe5 13. Nd2 Re8 14. Re1 Qxe1+ 15. Qxe1 Rxe1+ 16. Rxe1 Be6 17. Nb3 Re8 18. Nd4 Bd7 19. Rxe8+ Bxe8 20. f3 g6 21. Kf2 Kg7 22. Ke3 Nd7 23. Nb5 a6 24. Nd6 Kf8 25. Nxb7 Nb8 26. Na5 Ke7 27. Kd4 Kd6 28. f4 f6 29. Be2 Bd7 30. Bf3 Be6 31. Nb7+ Kc7 32. Nc5 Nc6+ 33. Ke3 d4+ 34. cxd4 Bxa2 35. Nxa6+ 1-0

[Event "Rosenbloom mem."]
[Site "Winnipeg CAN"]
[Date "2017.12.05"]
[Round "5"]
[White "Gerona, Joshua"]
[Black "Rutter, Blair"]
[Result "0-1"]
[WhiteElo "1995"]
[BlackElo "2015"]
[WhiteFideId "-1"]
[WhiteFideId "-1"]
[PlyCount "120"]
[GameId "2160767908309139"]
[EventDate "2017.11.07"]
[EventType "swiss"]
[EventRounds "7"]
[EventCountry "CAN"]
[SourceTitle "EXT 2022"]
[Source "ChessBase"]
[SourceDate "2021.10.06"]
[SourceVersion "1"]
[SourceVersionDate "2021.10.06"]
[SourceQuality "1"]

1. e4 e6 2. d4 d5 3. exd5 exd5 4. Nf3 Nf6 5. Bd3 Bd6 6. O-O O-O 7. Bg5 Bg4 8. Re1 Nbd7 9. c3 c6 10. Nbd2 Qc7 11. h3 Bh5 12. Qc2 Rae8 13. b4 Bf4 14. Bf5 Bxg5 15. Nxg5 Bg6 16. Bxg6 hxg6 17. Ngf3 Qf4 18. g3 Qd6 19. Kg2 Nh5 20. Ng5 f5 21. f4 Ndf6 22. Re5 Ne4 23. Ndxe4 fxe4 24. Qb3 Rxe5 25. dxe5 Qd7 26. Nxe4 Qf5 27. Re1 Kh8 28. Nd6 Qd3 29. c4 Qd2+ 30. Kf1 Qh2 31. Re3 dxc4 32. Nxc4 g5 33. Nd6 Nxg3+ 34. Rxg3 Rxf4+ 35. Ke1 Qf2+ 36. Kd1 Qd4+ 37. Qd3 Qa1+ 38. Kd2 Qxa2+ 39. Kc1 Qa1+ 40. Kc2 Rf2+ 41. Kb3 Qa2+ 42. Kc3 Qb2+ 43. Kc4 Rc2+ 44. Qxc2 Qxc2+ 45. Kd4 Qf2+ 46. Re3 b6 47. Kd3 Qf1+ 48. Kd4 Qf4+ 49. Re4 Qd2+ 50. Kc4 Qc2+ 51. Kd4 c5+ 52. bxc5 Qxc5+ 53. Kd3 Qd5+ 54. Ke3 Qb3+ 55. Kd4 Qxh3 56. e6 Qa3 57. Nf7+ Kg8 58. e7 Qc5+ 59. Kd3 Qd5+ 60. Ke3 Qxe4+ 0-1

[Event "Rosenbloom mem."]
[Site "Winnipeg CAN"]
[Date "2017.12.05"]
[Round "5"]
[White "He, Michael"]
[Black "Gannon, Keith"]
[Result "1/2-1/2"]
[WhiteElo "1260"]
[BlackElo "1462"]
[WhiteFideId "-1"]
[WhiteFideId "-1"]
[PlyCount "75"]
[GameId "2160767908309140"]
[EventDate "2017.11.07"]
[EventType "swiss"]
[EventRounds "7"]
[EventCountry "CAN"]
[SourceTitle "EXT 2022"]
[Source "ChessBase"]
[SourceDate "2021.10.06"]
[SourceVersion "1"]
[SourceVersionDate "2021.10.06"]
[SourceQuality "1"]

1. e4 e5 2. Nf3 Nc6 3. d4 exd4 4. Nxd4 Nxd4 5. Qxd4 d6 6. b4 Qf6 7. Bb2 Qxd4 8. Bxd4 f6 9. Nc3 c6 10. Bc4 Ne7 11. O-O Bd7 12. f4 Ng6 13. Rae1 Be7 14. e5 dxe5 15. fxe5 f5 16. e6 Bc8 17. Rxf5 Rf8 18. Rh5 Bxb4 19. Bxg7 Rf4 20. Bd3 Nf8 21. e7 Bxe7 22. Bxf8 Kxf8 23. Rxh7 Bc5+ 24. Kh1 Bb4 25. Ne2 Rf2 26. Rg1 Kg8 27. Ng3 b5 28. Rc7 Be6 29. Rxc6 Bxa2 30. Bxb5 Bd5 31. Rg6+ Kh8 32. c4 Bf7 33. Rg4 a5 34. Rc1 Re8 35. Ne4 Re2 36. c5 Bd5 37. Bxe2 Bxe4 38. Rxe4 1/2-1/2

[Event "Rosenbloom mem."]
[Site "Winnipeg CAN"]
[Date "2017.12.05"]
[Round "5"]
[White "Kernetsky, Myron"]
[Black "Green, Jim"]
[Result "1-0"]
[WhiteElo "2085"]
[BlackElo "1871"]
[WhiteFideId "-1"]
[WhiteFideId "-1"]
[PlyCount "85"]
[GameId "2160767908309141"]
[EventDate "2017.11.07"]
[EventType "swiss"]
[EventRounds "7"]
[EventCountry "CAN"]
[SourceTitle "EXT 2022"]
[Source "ChessBase"]
[SourceDate "2021.10.06"]
[SourceVersion "1"]
[SourceVersionDate "2021.10.06"]
[SourceQuality "1"]

1. d4 Nf6 2. Nf3 g6 3. Bf4 Bg7 4. e3 O-O 5. h3 d6 6. Be2 b6 7. O-O Bb7 8. c4 Nbd7 9. Nc3 Ne4 10. Qc2 Ndf6 11. Rfd1 Nxc3 12. Qxc3 c5 13. dxc5 Nd5 14. Qb3 Nxf4 15. exf4 Qc7 16. cxd6 exd6 17. Rd2 Rfe8 18. Bf1 Re4 19. g3 Rae8 20. Rad1 R4e6 21. Qd3 h6 22. Bg2 Be4 23. Qf1 Qc6 24. Nh4 Bxg2 25. Nxg2 Re4 26. b3 Bf8 27. Ne3 a6 28. Nd5 Bg7 29. Kh2 b5 30. cxb5 axb5 31. Qd3 Rd4 32. Qf3 Qc5 33. Ne3 Rxd2 34. Rxd2 Bf8 35. Nd5 Bg7 36. Qd3 Qc8 37. Re2 Rxe2 38. Qxe2 Qc5 39. Qd2 Bd4 40. Ne3 Qb6 41. Kg1 Bc5 42. Nd5 Qa5 43. Qxa5 1-0